The design of everyday things / (Record no. 152)
[ view plain ]
| 000 -LEADER | |
|---|---|
| fixed length control field | 00795nac a22002171u 4500 |
| 008 - FIXED-LENGTH DATA ELEMENTS--GENERAL INFORMATION | |
| fixed length control field | 130114s1988 nyu||||| |||| 00| 0 eng d |
| 010 ## - LIBRARY OF CONGRESS CONTROL NUMBER | |
| LC control number | 2003269451 |
| 020 ## - INTERNATIONAL STANDARD BOOK NUMBER | |
| International Standard Book Number | 0465067107 |
| 020 ## - INTERNATIONAL STANDARD BOOK NUMBER | |
| International Standard Book Number | 9780465067107 |
| 082 04 - DEWEY DECIMAL CLASSIFICATION NUMBER | |
| Classification number | 620.82 |
| Item number | NOR |
| Edition number | 22 |
| 100 ## - MAIN ENTRY--PERSONAL NAME | |
| Personal name | Norman, Donald A. |
| 9 (RLIN) | 31861 |
| 245 14 - TITLE STATEMENT | |
| Title | The design of everyday things / |
| Statement of responsibility, etc | Donald A. Norman. |
| 250 ## - EDITION STATEMENT | |
| Edition statement | 1st Basic paperback. |
| 260 ## - PUBLICATION, DISTRIBUTION, ETC. (IMPRINT) | |
| Place of publication, distribution, etc | New York : |
| Name of publisher, distributor, etc | Basic Books, |
| Date of publication, distribution, etc | 1988. |
| 300 ## - PHYSICAL DESCRIPTION | |
| Extent | xxi, 257 p. : |
| Other physical details | ill. ; |
| Dimensions | 21 cm. |
| 500 ## - GENERAL NOTE | |
| General note | Reprint. Originally published: The psychology of everyday things. New York : Basic Books, c1988. |
| 500 ## - GENERAL NOTE | |
| General note | "With a new introduction by the author"-- cover. |
| 650 #0 - SUBJECT ADDED ENTRY--TOPICAL TERM | |
| Topical term or geographic name as entry element | Design, Industrial |
| General subdivision | Psychological aspects. |
| 9 (RLIN) | 31862 |
| 650 #0 - SUBJECT ADDED ENTRY--TOPICAL TERM | |
| Topical term or geographic name as entry element | Human engineering. |
| 9 (RLIN) | 31863 |
| 942 ## - ADDED ENTRY ELEMENTS (KOHA) | |
| Item type | Book - Borrowing |
| Call number prefix | 620.82 NOR |
| Source of classification or shelving scheme | Dewey Decimal Classification |
| Withdrawn status | Item status | Source of classification or shelving scheme | Damaged status | Not for loan | Vendor | Home library | Current library | Shelving location | Date acquired | Source of acquisition | Cost, normal purchase price | Total Checkouts | Full call number | Barcode | Date last seen | Cost, replacement price | Koha item type | Total Renewals | Date last borrowed |
|---|---|---|---|---|---|---|---|---|---|---|---|---|---|---|---|---|---|---|---|
| Dewey Decimal Classification | Central Library | Central Library | First floor | 05/02/2006 | 180.00 | 620.82 NOR | 000004589 | 15/07/2025 | 225.00 | Book - Borrowing | |||||||||
| Dewey Decimal Classification | Central Library | Central Library | First floor | 05/02/2006 | 180.00 | 1 | 620.82 NOR | 000004588 | 15/07/2025 | 225.00 | Book - Borrowing | ||||||||
| Dewey Decimal Classification | Central Library | Central Library | First floor | 05/02/2006 | 180.00 | 2 | 620.82 NOR | 000004587 | 15/07/2025 | 225.00 | Book - Borrowing | 15 | 17/02/2013 | ||||||
| Dewey Decimal Classification | Central Library | Central Library | First floor | 06/08/2006 | 180.00 | 620.82 NOR | 000003677 | 15/07/2025 | 225.00 | Book - Borrowing | |||||||||
| Dewey Decimal Classification | Central Library | Central Library | First floor | 06/08/2006 | 180.00 | 1 | 620.82 NOR | 000003676 | 15/07/2025 | 225.00 | Book - Borrowing | 1 | 03/06/2019 | ||||||
| Dewey Decimal Classification | Central Library | Central Library | First floor | 06/08/2006 | 180.00 | 2 | 620.82 NOR | 000003675 | 15/07/2025 | 225.00 | Book - Borrowing | 12 | 21/09/2014 | ||||||
| Dewey Decimal Classification | Central Library | Central Library | First floor | 06/08/2006 | 180.00 | 620.82 NOR | 000003674 | 15/07/2025 | 225.00 | Book - Borrowing | |||||||||
| Dewey Decimal Classification | Central Library | Central Library | First floor | 06/08/2006 | 180.00 | 620.82 NOR | 000003673 | 15/07/2025 | 225.00 | Book - Borrowing | |||||||||
| Dewey Decimal Classification | Central Library | Central Library | First floor | 06/08/2006 | 180.00 | 3 | 620.82 NOR | 000003672 | 15/07/2025 | 225.00 | Book - Borrowing | 20 | 15/02/2017 |